|
|
|
|
| LEADER |
00000nta a2200000 i 4500 |
| 001 |
dolg30249 |
| 005 |
20210324160955.0 |
| 008 |
210324suuuu hu o 000 eng d |
| 040 |
|
|
|a BGE Dolgozattár Repozitórium
|b hun
|
| 041 |
|
|
|a en
|
| 100 |
1 |
|
|a Ábrahám Tamás
|
| 245 |
1 |
0 |
|a History of the European Union with special attention to the development of relations with Central and Eastern European Countries and institutional reforms
|c Ábrahám Tamás
|h [elektronikus dokumentum]
|
| 516 |
|
|
|a Final_paper
|
| 695 |
|
|
|a EU-csatlakozás
|
| 695 |
|
|
|a Kelet- és Közép-Európa
|
| 700 |
1 |
|
|a Nincs adat Nincs adat
|e ths
|
| 856 |
4 |
0 |
|u http://dolgozattar.uni-bge.hu/30249/1/D_11653.pdf
|z Dokumentum-elérés
|